[Event "Tan Chin Nam Cup 6th"]
[Site "Beijing"]
[Date "2000.07.09"]
[Round "1"]
[White "Ye Jiangchuan"]
[Black "Peng Xiaomin"]
[Result "0-1"]
[WhiteElo "2670"]
[BlackElo "2657"]
[PlyCount "94"]
[EventDate "2000.07.03"]
[Source "ChessBase"]
[SourceDate "2000.10.18"]

1. e4 e5 2. Nf3 Nc6 3. Bb5 Nf6 4. O-O Bc5 5. c3 O-O 6. d4 Bb6 7. Re1 d6 8. h3 h6 9. a4 a5 10. Na3 exd4 11. cxd4 d5 12. exd5 Nxd5 13. Nc4 Ncb4 14. Nxb6 cxb6 15. Ne5 Bf5 16. Qf3 Qf6 17. Bd2 Rad8 18. g4 Be6 19. Qxf6 Nxf6 20. Bxb4 axb4 21. Rad1 Rc8 22. Nd3 Bb3 23. Rd2 Nd5 24. Ne5 Rc7 25. Rd3 Bc2 26. Rf3 Rd8 27. h4 g5 28. hxg5 hxg5 29. Nc4 Kg7 30. Rc1 Be4 31. Rg3 Rh8 32. f3 Bd3 33. b3 Nf4 34. Re1 Ne2+ 35. Rxe2 Bxe2 36. d5 Rc5 37. d6 Bxc4 38. Bxc4 Rd8 39. Rg2 Rxd6 40. Re2 Rd4 41. Kf2 Kf6 42. Re8 Re5 43. Rc8 Rd2+ 44. Kg3 Re1 45. Rc7 Re7 46. Rc8 Kg7 47. Ra8 Re1 0-1

[Event "Beograd"]
[Site "?"]
[Date "1989.??.??"]
[Round "?"]
[White "Ehlvest, J."]
[Black "Short, N."]
[Result "1-0"]
[WhiteElo "2620"]
[BlackElo "2660"]
[PlyCount "81"]
[EventDate "1989.??.??"]
[Source "ChessBase"]
[SourceDate "1989.07.01"]

1. e4 e5 2. Nf3 Nc6 3. Bb5 Nf6 4. O-O Bc5 5. c3 O-O 6. d4 Bb6 7. Qd3 d5 8. Bxc6 bxc6 9. Nxe5 Nxe4 10. Nd2 Bf5 11. Qf3 Qf6 12. Nxc6 Rae8 13. Nxe4 Rxe4 14. Nb4 Qe6 15. Nd3 c6 16. Bd2 Re8 17. Rae1 f6 18. Qd1 Qf7 19. Rxe4 Bxe4 20. Nf4 g5 21. Nh5 Bg6 22. Ng3 h5 23. Qf3 Bc7 24. h3 Kh7 25. Re1 Rxe1+ 26. Bxe1 f5 27. Qe2 Bd6 28. Nf1 Kg7 29. f3 f4 30. h4 Kh6 31. hxg5+ Kxg5 32. Bf2 Bf5 33. Qe1 Kg6 34. Nd2 Bd7 35. Nb3 Bf5 36. Kh2 Bd3 37. Bh4 Bf5 38. Qe2 Qe6 39. Qa6 Qd7 40. Na5 Bb1 41. Nxc6 1-0

[Event "FIDE World Cup-A"]
[Site "Shenyang"]
[Date "2000.09.01"]
[Round "1"]
[White "Milos, Gilberto"]
[Black "Gulko, Boris F"]
[Result "1/2-1/2"]
[WhiteElo "2633"]
[BlackElo "2643"]
[PlyCount "51"]
[EventDate "2000.08.01"]
[Source "ChessBase"]
[SourceDate "2000.11.21"]

1. e4 e5 2. Nf3 Nc6 3. Bb5 Nf6 4. O-O Bc5 5. c3 O-O 6. d4 Bb6 7. a4 a5 8. Bg5 h6 9. Bxf6 Qxf6 10. Bxc6 Qxc6 11. Nxe5 Qxe4 12. Nd2 Qf5 13. Ndc4 Ba7 14. Ne3 Qe4 15. Qh5 d6 16. N5c4 Be6 17. Rfe1 d5 18. Nxa5 Bxd4 19. Nxb7 Bb6 20. a5 d4 21. cxd4 Qxb7 22. axb6 Rxa1 23. Rxa1 Qxb6 24. Qc5 Qxb2 25. Rc1 c6 26. h3 1/2-1/2

[Event "Pamplona9697"]
[Site "Pamplona"]
[Date "1996.??.??"]
[Round "2"]
[White "Almasi, Zoltan"]
[Black "Gulko, Boris F"]
[Result "1-0"]
[WhiteElo "2655"]
[BlackElo "2615"]
[PlyCount "189"]
[EventDate "1996.12.??"]
[Source "ChessBase"]
[SourceDate "1997.04.10"]

1. e4 e5 2. Nf3 Nc6 3. Bb5 Nf6 4. O-O Bc5 5. c3 O-O 6. d4 Bb6 7. Bg5 h6 8. Bh4 d6 9. Bxc6 bxc6 10. dxe5 dxe5 11. Nbd2 Re8 12. Qc2 g5 13. Bg3 Nh5 14. c4 Nxg3 15. hxg3 Qe7 16. Nb3 Bc5 17. Qc3 Rb8 18. a3 Bg4 19. Nxc5 Qxc5 20. b4 Qd6 21. Nh2 Bh5 22. g4 Bg6 23. Rfd1 Qe7 24. f3 f6 25. Qe3 a5 26. bxa5 Ra8 27. Nf1 Rxa5 28. Rd3 Bf7 29. Qd2 Raa8 30. Ne3 Be6 31. a4 Red8 32. Rxd8+ Rxd8 33. Qc3 Qc5 34. Qa3 Qxa3 35. Rxa3 Bc8 36. Kf2 Rd2+ 37. Ke1 Rb2 38. Rd3 Kf7 39. Rd8 Be6 40. Rh8 Ke7 41. c5 Ra2 42. Rh7+ Bf7 43. Nf5+ Ke6 44. Nxh6 Be8 45. Rxc7 Bd7 46. Ng8 Rc2 47. Nxf6 Kxf6 48. Rxd7 Rxc5 49. Kd2 Ra5 50. Rd6+ Kf7 51. Rxc6 Rxa4 52. Kd3 Rd4+ 53. Kc3 Ra4 54. Rb6 Rd4 55. Rb5 Ke6 56. Rb6+ Kf7 57. Rb2 Rd1 58. Kc4 Ke6 59. Rb6+ Kf7 60. Rb2 Ke6 61. Rc2 Rd4+ 62. Kc5 Rd1 63. Kc6 Rd6+ 64. Kc7 Rd7+ 65. Kc8 Rd6 66. Rb2 Rd1 67. Rb6+ Kf7 68. Rb7+ Ke6 69. Rg7 Kf6 70. Rg8 Rd2 71. Rf8+ Ke7 72. Rf5 Rc2+ 73. Kb7 Ke6 74. Rxg5 Rxg2 75. Kc7 Rd2 76. Rf5 Rd7+ 77. Kc6 Rd1 78. Kc5 Rc1+ 79. Kb4 Rc2 80. Kb3 Rc1 81. Kb2 Rc8 82. g5 Rh8 83. Kc2 Rh2+ 84. Kd1 Ra2 85. Ke1 Rb2 86. Kf1 Ra2 87. Rf6+ Ke7 88. Rb6 Kf7 89. g6+ Kg7 90. Re6 Rb2 91. Rxe5 Kxg6 92. Ke1 Kf6 93. Rd5 Ra2 94. Rd2 Ra1+ 95. Kf2 1-0

[Event "World Cup"]
[Site "?"]
[Date "1989.08.??"]
[Round "6"]
[White "Short Nigel D"]
[Black "Portisch Lajos"]
[Result "1/2-1/2"]
[WhiteElo "2660"]
[BlackElo "2600"]
[PlyCount "35"]
[EventDate "1989.??.??"]
[Source "www.chesslib.no"]
[SourceDate "2004.05.04"]

1. e4 e5 2. Nf3 Nc6 3. Bb5 Nf6 4. O-O Be7 5. Nc3 d6 6. Bxc6+ bxc6 7. d4 exd4 8. Nxd4 Bd7 9. Qf3 O-O 10. h3 Rb8 11. b3 Re8 12. Bb2 Bf8 13. Rfe1 c5 14. Nf5 g6 15. Ne3 Bg7 16. Rab1 Bc6 17. Nc4 Nd7 18. Ne3 1/2-1/2

[Event "Biel"]
[Site "?"]
[Date "1999.??.??"]
[Round "?"]
[White "Bologan, V."]
[Black "Piket, Je"]
[Result "0-1"]
[WhiteElo "2620"]
[BlackElo "2635"]
[PlyCount "60"]
[EventDate "1999.??.??"]
[Source "Chess Informant"]
[SourceDate "1999.06.01"]

1. e4 e5 2. Nf3 Nc6 3. Bb5 Nf6 4. O-O Bc5 5. c3 O-O 6. d4 Bb6 7. Bg5 h6 8. Bh4 d6 9. a4 a5 10. Re1 exd4 11. Bxc6 bxc6 12. Nxd4 Re8 13. Nd2 c5 14. Nc2 Bb7 15. f4 c4+ 16. Nd4 Rb8 17. Re3 Ba8 18. Qc2 Nd5 19. Bxd8 Nxe3 20. Qb1 Rbxd8 21. h3 f5 22. Qa2 Bxe4 23. Nxc4 Bd5 24. b3 Bxd4 25. cxd4 Nxg2 26. Qf2 Re6 27. Nxa5 Rde8 28. Nc4 Rg6 29. Kh2 Nxf4 30. Rg1 Rxg1 0-1

[Event "Poikovsky Karpov"]
[Site "Poikovsky"]
[Date "2001.05.08"]
[Round "8"]
[White "Bologan, Viktor"]
[Black "Mitkov, Nikola"]
[Result "1-0"]
[WhiteElo "2676"]
[BlackElo "2578"]
[PlyCount "101"]
[EventDate "2001.05.05"]
[Source "ChessBase"]
[SourceDate "2001.09.13"]

1. e4 e5 2. Nf3 Nc6 3. Bb5 Nf6 4. O-O Bc5 5. Nxe5 Nxe4 6. Qe2 Nxe5 7. Qxe4 Qe7 8. Nc3 Ng6 9. Qxe7+ Bxe7 10. Nd5 Bd6 11. Re1+ Kd8 12. Ne3 Re8 13. d4 c6 14. Bc4 f6 15. Bd2 Bf4 16. g3 Bxe3 17. Bxe3 d5 18. Bd3 Ne7 19. Bd2 Nf5 20. c3 g6 21. f3 Be6 22. g4 Nd6 23. b3 Kd7 24. a4 a5 25. Rec1 f5 26. g5 Rf8 27. Bf4 Ne8 28. Re1 Bf7 29. Re2 Ng7 30. Be5 Ne6 31. h4 Rae8 32. Rae1 Nd8 33. c4 Re7 34. Kf2 Rfe8 35. Rc1 dxc4 36. bxc4 c5 37. Rb2 Kc8 38. Bf6 Re3 39. Rd1 cxd4 40. Bxd4 R3e7 41. Bb6 Nc6 42. c5 Rd7 43. Rbd2 Be6 44. Bb5 Rxd2+ 45. Rxd2 Re7 46. Rd6 Bd7 47. Rf6 Re8 48. Rf7 Re7 49. Rf6 Re8 50. Kg3 Nd4 51. Bxd7+ 1-0

[Event "Polanica Zdroj 74/352"]
[Site "?"]
[Date "1998.??.??"]
[Round "?"]
[White "Shirov, Alexei"]
[Black "Macieja, Bartlomiej"]
[Result "1/2-1/2"]
[WhiteElo "2720"]
[BlackElo "2490"]
[PlyCount "45"]
[EventDate "1998.??.??"]
[Source "ChessBase"]
[SourceDate "1998.10.01"]

1. e4 e5 2. Nf3 Nc6 3. Bb5 Nf6 4. O-O Bc5 5. c3 O-O 6. d4 Bb6 7. Bg5 h6 8. Bh4 d6 9. a4 a5 10. dxe5 Nxe5 11. Nxe5 dxe5 12. Nd2 Be6 13. Qc2 Qe7 14. Kh1 Rad8 15. Rad1 c6 16. Be2 Bc7 17. Rfe1 Rd7 18. Nf1 Rfd8 19. Ne3 Bb6 20. Nf5 Bxf5 21. exf5 Ng4 22. Rxd7 Rxd7 23. Bxe7 1/2-1/2

[Event "Chess@iceland-B"]
[Site "Kopavogur"]
[Date "2000.04.01"]
[Round "1"]
[White "Stefansson, Hannes"]
[Black "Sokolov, Ivan"]
[Result "0-1"]
[WhiteElo "2566"]
[BlackElo "2637"]
[PlyCount "56"]
[EventDate "2000.04.01"]
[Source "www.chesslib.no"]
[SourceDate "2004.05.04"]

1. e4 e5 2. Nf3 Nc6 3. Bb5 Nf6 4. O-O Bc5 5. c3 O-O 6. d4 Bb6 7. Re1 d6 8. h3 h6 9. Be3 Bd7 10. Ba4 Re8 11. Nbd2 exd4 12. Nxd4 Nxd4 13. Bxd7 Qxd7 14. Bxd4 Re6 15. Re3 Rae8 16. Qc2 Nh5 17. Bxb6 axb6 18. Rae1 Rg6 19. Nf1 Re5 20. Rf3 Qe6 21. a3 Reg5 22. Ne3 Nf6 23. Re2 Qxe4 24. Qxe4 Nxe4 25. h4 Re5 26. Nf5 Rge6 27. Nd4 Re8 28. Rfe3 c6 0-1

[Event "IV Open"]
[Site "Calvia ESP"]
[Date "2007.10.22"]
[Round "8"]
[White "Vallejo Pons, F."]
[Black "Godena, M."]
[Result "1/2-1/2"]
[WhiteElo "2660"]
[BlackElo "2535"]
[PlyCount "69"]
[EventDate "2007.10.15"]
[Source "www.chesslib.no"]
[SourceDate "2004.05.04"]

1. e4 e5 2. Nf3 Nc6 3. Bb5 Nf6 4. O-O Bc5 5. c3 O-O 6. d3 Re8 7. Bg5 h6 8. Bh4 a6 9. Ba4 b5 10. Bb3 Be7 11. Nbd2 d6 12. a4 Bb7 13. Bxf6 Bxf6 14. Bd5 Qd7 15. Qb3 Na5 16. Qa3 Nc6 17. Qb3 Na5 18. Qc2 Nc6 19. b4 Rab8 20. h3 Bc8 21. Qb3 Rf8 22. axb5 axb5 23. Bxc6 Qxc6 24. Ra5 Be6 25. Qb2 Qb7 26. Rfa1 Ra8 27. Qa3 Rxa5 28. Qxa5 Rb8 29. Qa6 Qxa6 30. Rxa6 Kf8 31. Nf1 Bd8 32. Ne3 Bc8 33. Ra3 Bb7 34. Ra7 g6 35. Kf1 1/2-1/2

[Event "Las Vegas, NV"]
[Site "?"]
[Date "2003.06.15"]
[Round "6"]
[White "Sevillano Enrico M"]
[Black "Finegold Ben"]
[Result "1/2-1/2"]
[WhiteElo "2562"]
[BlackElo "2631"]
[PlyCount "40"]
[EventDate "2003.??.??"]
[Source "www.chesslib.no"]
[SourceDate "2004.05.04"]

1. e4 e5 2. Nf3 Nc6 3. Bb5 Nf6 4. O-O Bc5 5. d3 d6 6. Be3 Bxe3 7. fxe3 O-O 8. Bxc6 bxc6 9. Nbd2 Ng4 10. Qe2 f5 11. exf5 Bxf5 12. h3 Nh6 13. Rf2 Qe7 14. Raf1 Bd7 15. e4 Rf4 16. d4 exd4 17. Nxd4 Rxf2 18. Rxf2 c5 19. N4f3 Rb8 20. b3 Bb5 1/2-1/2

[Event "USSR Ch Moscow"]
[Site "?"]
[Date "1988.??.??"]
[Round "?"]
[White "Ehlvest, Jaan"]
[Black "Salov, Valery B"]
[Result "1/2-1/2"]
[WhiteElo "2585"]
[BlackElo "2595"]
[PlyCount "165"]
[EventDate "1988.??.??"]
[Source "www.chesslib.no"]
[SourceDate "2004.05.04"]

1. e4 e5 2. Nf3 Nc6 3. Bb5 Nf6 4. O-O Bc5 5. c3 O-O 6. d4 Bb6 7. Bg5 h6 8. Bh4 d6 9. Qd3 Bd7 10. Nbd2 a6 11. Bc4 Qe7 12. Rfe1 Kh8 13. Bb3 g5 14. Bg3 Nh5 15. Nc4 f6 16. Nxb6 cxb6 17. Nd2 b5 18. a4 Na5 19. Bd1 Nxg3 20. hxg3 Rac8 21. Nf1 b4 22. Ne3 bxc3 23. bxc3 Kg7 24. Rb1 Be6 25. Bh5 Qc7 26. Rec1 Rb8 27. Qe2 Qc8 28. Kh2 Rd8 29. f3 Qc7 30. Qd3 Rh8 31. Bg4 Bc4 32. Qd1 h5 33. Bf5 h4 34. Bg4 hxg3+ 35. Kxg3 d5 36. Kf2 dxe4 37. fxe4 exd4 38. cxd4 Qf4+ 39. Qf3 b5 40. axb5 axb5 41. Nf5+ Kg6 42. d5 Qe5 43. Rh1 Rxh1 44. Rxh1 Qb2+ 45. Kg3 Qe5+ 46. Kf2 Qb2+ 47. Kg1 Qa1+ 48. Kh2 Qe5+ 49. Kg1 Qa1+ 50. Qd1 Qxd1+ 51. Bxd1 g4 52. Rh4 b4 53. Rxg4+ Kh7 54. Rh4+ Kg8 55. Ne7+ Kg7 56. Nf5+ Kg8 57. Rg4+ Kh8 58. Bc2 Bb3 59. Bd3 Nc4 60. Rh4+ Kg8 61. Ne7+ Kg7 62. Nc6 Rb6 63. Nd4 Ba2 64. Rh3 Ne5 65. Bc2 Ra6 66. Bb3 Bb1 67. Nf5+ Kg6 68. Rg3+ Kh7 69. Rh3+ Kg6 70. Rg3+ Kh7 71. Re3 Bd3 72. Re1 Ra3 73. Nd4 Kg6 74. d6 Ra6 75. Nf3 Rxd6 76. Rd1 Rd7 77. Nxe5+ fxe5 78. Bc4 b3 79. Bxb3 Rd4 80. Bd5 Bc2 81. Re1 Rd1 82. Rxd1 Bxd1 83. Bb3 1/2-1/2

[Event "Leon 83/314"]
[Site "?"]
[Date "2001.??.??"]
[Round "?"]
[White "Wedberg, T."]
[Black "Piket, Je"]
[Result "0-1"]
[WhiteElo "2529"]
[BlackElo "2649"]
[PlyCount "84"]
[EventDate "2001.??.??"]
[Source "Chess Informant"]
[SourceDate "2001.10.01"]

1. e4 e5 2. Nf3 Nc6 3. Bb5 Nf6 4. O-O Bc5 5. Nxe5 Nxe4 6. Qe2 Nxe5 7. Qxe4 Qe7 8. Nc3 Ng6 9. Qxe7+ Kxe7 10. Ne4 Bb6 11. b3 a6 12. Bc4 d6 13. Re1 Ne5 14. Ba3 Kd7 15. Bf1 f5 16. Nc5+ Kd8 17. Nd3 Nxd3 18. Bxd3 Bd4 19. c3 Bf6 20. Bc4 Bd7 21. d4 b5 22. Bd3 Re8 23. Rxe8+ Kxe8 24. Bb2 Kf7 25. Rc1 a5 26. c4 b4 27. c5 d5 28. c6 Be6 29. Bb5 f4 30. Rd1 Bf5 31. Kf1 Rb8 32. Ba4 Bc8 33. a3 Ba6+ 34. Kg1 g5 35. axb4 axb4 36. Bc1 Be2 37. Rd2 Re8 38. h3 Ba6 39. Rd1 Re4 40. Bb2 Re2 41. Bc1 Rc2 42. h4 Be2 0-1

[Event "Biel"]
[Site "Biel"]
[Date "1987.??.??"]
[Round "?"]
[White "Huebner, Robert"]
[Black "Gulko, Boris F"]
[Result "0-1"]
[WhiteElo "2610"]
[BlackElo "2565"]
[PlyCount "119"]
[EventDate "1987.07.??"]
[Source "ChessBase"]

1. e4 e5 2. Nf3 Nc6 3. Bb5 Nf6 4. O-O Bc5 5. Nxe5 Nxe4 6. Qe2 Nxe5 7. Qxe4 Qe7 8. d4 Nc6 9. Qxe7+ Bxe7 10. c3 a6 11. Bd3 O-O 12. Bf4 d6 13. Nd2 Bd7 14. Rfe1 Rfe8 15. d5 Na7 16. Re2 Bf8 17. Rae1 Rxe2 18. Rxe2 Nc8 19. c4 Nb6 20. b3 g6 21. f3 Re8 22. Kf1 Rxe2 23. Kxe2 Be7 24. Ne4 h5 25. a4 Bf5 26. a5 Nd7 27. Ke3 Kf8 28. Bg3 Ke8 29. Be1 Ne5 30. Be2 Kd7 31. h3 Ke8 32. g4 hxg4 33. hxg4 Bd7 34. b4 f5 35. gxf5 gxf5 36. Ng3 Bh4 37. f4 Ng4+ 38. Kf3 c6 39. Bc3 cxd5 40. cxd5 Nf6 41. Bc4 Bxg3 42. Bxf6 Be1 43. Bd4 Bxb4 44. Bb6 Bb5 45. Bb3 Bd3 46. Kg3 Kf7 47. Bd8 Be1+ 48. Kh3 Bf1+ 49. Kh2 Kg6 50. Bd1 Bc4 51. Bf3 Bf2 52. Bc7 Bc5 53. Kg3 Kf7 54. Kh4 Ke7 55. Kg5 Kd7 56. Bb6 Bxb6 57. axb6 a5 58. Bd1 Bxd5 59. Kxf5 Kc6 60. Kf6 0-1

[Event "Haifa"]
[Site "?"]
[Date "1989.??.??"]
[Round "?"]
[White "Gruenfeld, Y."]
[Black "Salov, V."]
[Result "1/2-1/2"]
[WhiteElo "2530"]
[BlackElo "2645"]
[PlyCount "82"]
[EventDate "1989.??.??"]
[Source "ChessBase"]
[SourceDate "1989.07.01"]

1. e4 e5 2. Nf3 Nc6 3. Bb5 Nf6 4. O-O Bc5 5. Nxe5 Nxe4 6. Qe2 Nxe5 7. Qxe4 Qe7 8. Nc3 Ng6 9. Qxe7+ Bxe7 10. Nd5 Bd6 11. Re1+ Kd8 12. Ne3 Re8 13. Bc4 Re7 14. d4 Bf4 15. g3 Bxe3 16. Bxe3 d6 17. h4 h6 18. h5 Nf8 19. f3 Bf5 20. c3 Ne6 21. Kf2 Ng5 22. g4 Bh7 23. Bxg5 hxg5 24. Bd5 c6 25. Rxe7 Kxe7 26. Re1+ Kf6 27. Be4 Bxe4 28. fxe4 Re8 29. Ke3 Ke6 30. Kd3 f6 31. c4 c5 32. b4 cxd4 33. Kxd4 Ra8 34. Rb1 a5 35. bxa5 Rxa5 36. Rxb7 Rxa2 37. Rxg7 Rg2 38. h6 Rxg4 39. h7 Rh4 40. Ke3 Rh3+ 41. Kd4 Rh4 1/2-1/2

[Event "Batumi"]
[Site "?"]
[Date "1999.??.??"]
[Round "?"]
[White "Lanka, Z."]
[Black "Sokolov, I."]
[Result "0-1"]
[WhiteElo "2500"]
[BlackElo "2655"]
[PlyCount "74"]
[EventDate "1999.??.??"]
[Source "Chess Informant"]
[SourceDate "1999.10.01"]

1. e4 e5 2. Nf3 Nc6 3. Bb5 Nf6 4. O-O Bc5 5. c3 O-O 6. d4 Bb6 7. Bg5 d6 8. a4 a5 9. Re1 h6 10. Bh4 exd4 11. Bxc6 bxc6 12. Nxd4 Re8 13. Nd2 c5 14. Nc2 g5 15. Bg3 Bb7 16. f3 d5 17. e5 Nh5 18. Nf1 d4 19. Na3 Qd5 20. c4 Qc6 21. h3 Qg6 22. Nb5 Re6 23. Bh2 Nf4 24. Bxf4 gxf4 25. Nh2 h5 26. Qd2 Qf5 27. Re2 Rae8 28. Rae1 Rxe5 29. Rxe5 Rxe5 30. Rxe5 Qxe5 31. Nf1 Bc8 32. Kf2 c6 33. Na3 Bd8 34. Kg1 Bf5 35. b3 Bh4 36. Qd1 Qe1 37. Qd2 Bg3 0-1

[Event "Cup European Club"]
[Site "Cup European Club"]
[Date "1984.??.??"]
[Round "?"]
[White "Psakhis, Lev B"]
[Black "Spassky, Boris Vasily"]
[Result "1/2-1/2"]
[WhiteElo "2535"]
[BlackElo "2615"]
[PlyCount "43"]
[EventDate "1984.??.??"]
[Source "www.chesslib.no"]
[SourceDate "2004.05.04"]

1. e4 e5 2. Nf3 Nc6 3. Bb5 Nf6 4. O-O Bc5 5. Nxe5 Nxe5 6. d4 a6 7. dxe5 axb5 8. exf6 Qxf6 9. Nc3 c6 10. e5 Qf5 11. b3 O-O 12. Bb2 Re8 13. a4 b4 14. Na2 Qg6 15. Nc1 d6 16. Nd3 Bg4 17. Qd2 Rad8 18. Rfe1 Bf5 19. exd6 Bxd6 20. Rxe8+ Rxe8 21. Re1 Rxe1+ 22. Nxe1 1/2-1/2

[Event "Groningen PCA"]
[Site "Groningen"]
[Date "1993.??.??"]
[Round "6"]
[White "Rozentalis, Eduardas"]
[Black "Polgar, Zsuzsa"]
[Result "1-0"]
[WhiteElo "2600"]
[BlackElo "2545"]
[PlyCount "117"]
[EventDate "1993.12.??"]
[Source "ChessBase"]

1. e4 e5 2. Nf3 Nc6 3. Bb5 Nf6 4. O-O Bc5 5. Nxe5 Nxe5 6. d4 a6 7. dxe5 axb5 8. exf6 Qxf6 9. Nc3 c6 10. Be3 Bxe3 11. fxe3 Qe5 12. a3 d6 13. Qd4 Bg4 14. h3 Be6 15. Rad1 Rd8 16. Rf2 Rd7 17. a4 bxa4 18. Nxa4 b5 19. Nc3 Qg5 20. Qb6 Qc5 21. Qxc5 dxc5 22. Ra1 Ke7 23. Ra6 Rc8 24. Kh2 c4 25. Kg3 f6 26. Ne2 Rd1 27. Nd4 Bd7 28. Ra7 Kd6 29. Kf4 Re8 30. h4 g6 31. Kf3 h5 32. Kf4 Re7 33. Nf3 Bg4 34. Rxe7 Kxe7 35. e5 Bxf3 36. gxf3 b4 37. exf6+ Kxf6 38. e4 c5 39. c3 b3 40. e5+ Ke6 41. Rg2 Kf7 42. Ke4 Rh1 43. Kd5 Rxh4 44. e6+ Kf6 45. Kd6 Rh1 46. Re2 Rd1+ 47. Kxc5 Ke7 48. Kxc4 Rg1 49. Kxb3 Rg3 50. Kc4 Rxf3 51. b4 h4 52. b5 h3 53. b6 g5 54. b7 Rf8 55. Kd5 g4 56. Rf2 Rxf2 57. b8=Q h2 58. Qa7+ Kf6 59. Qxf2+ 1-0

[Event "Bundesliga 9495"]
[Site "Germany"]
[Date "1995.??.??"]
[Round "?"]
[White "Wahls, Matthias"]
[Black "Huebner, Robert"]
[Result "1/2-1/2"]
[WhiteElo "2540"]
[BlackElo "2605"]
[PlyCount "53"]
[EventDate "1994.10.??"]
[Source "ChessBase"]
[SourceDate "1999.07.01"]

1. e4 e5 2. Nf3 Nc6 3. Bb5 Nf6 4. O-O Be7 5. d4 exd4 6. e5 Ne4 7. Re1 Nc5 8. Nxd4 Nxd4 9. Qxd4 O-O 10. Nc3 c6 11. Bc4 d5 12. exd6 Qxd6 13. Qxd6 Bxd6 14. Be3 Be6 15. Rad1 Bxc4 16. Rxd6 Rfe8 17. Red1 Ne6 18. Rd7 b6 19. a4 Nf8 20. R7d6 Rec8 21. R6d4 Be6 22. Ne4 h6 23. h3 Ng6 24. Nd6 Rc7 25. a5 Ne7 26. Ra4 Rb8 27. axb6 1/2-1/2

[Event "Biel"]
[Site "Biel"]
[Date "1987.??.??"]
[Round "?"]
[White "Chandler, Murray G"]
[Black "Gulko, Boris F"]
[Result "1/2-1/2"]
[WhiteElo "2575"]
[BlackElo "2565"]
[PlyCount "37"]
[EventDate "1987.07.??"]
[Source "ChessBase"]

1. e4 e5 2. Nf3 Nc6 3. Bb5 Nf6 4. O-O Bc5 5. c3 O-O 6. d4 Bb6 7. Bg5 h6 8. Bh4 d6 9. a4 a5 10. Qd3 exd4 11. Bxc6 bxc6 12. Nxd4 Bxd4 13. Qxd4 c5 14. Qd3 Rb8 15. Qc2 g5 16. Bg3 Nh5 17. Na3 Be6 18. Qe2 Nf4 19. Bxf4 1/2-1/2

[Event "Bundesliga 9697"]
[Site "Germany"]
[Date "1996.??.??"]
[Round "?.1"]
[White "Hracek, Zbynek"]
[Black "Keitlinghaus, Ludger"]
[Result "1-0"]
[WhiteElo "2625"]
[BlackElo "2515"]
[PlyCount "97"]
[EventDate "1996.10.??"]
[Source "ChessBase"]
[SourceDate "1999.07.01"]

1. e4 e5 2. Nf3 Nc6 3. Bb5 Nf6 4. O-O Be7 5. Nc3 Nd4 6. Ba4 Nxf3+ 7. Qxf3 O-O 8. d3 d6 9. Qe2 Nd7 10. f4 exf4 11. Bxf4 Bf6 12. Qf2 Nc5 13. Bb3 Nxb3 14. axb3 Bxc3 15. bxc3 b6 16. c4 Bd7 17. Qd4 Re8 18. Rf3 Re6 19. Bd2 Qe7 20. b4 a6 21. Qd5 Ra7 22. Raf1 Be8 23. Bc3 Rg6 24. Rf5 c6 25. Qd4 c5 26. Qf2 a5 27. bxa5 bxa5 28. e5 Bc6 29. exd6 Qxd6 30. g3 h6 31. Rxf7 Rxf7 32. Qxf7+ Kh7 33. Kf2 Ba8 34. Ke2 a4 35. Kd2 a3 36. Ra1 Qc6 37. Rxa3 Qg2+ 38. Kc1 Qxh2 39. Qc7 Qh1+ 40. Kb2 Qb7+ 41. Qxb7 Bxb7 42. Ra7 Bf3 43. Be5 Rg5 44. Re7 h5 45. Kc3 Kg8 46. Kd2 g6 47. Bf4 Rg4 48. Bd6 Bc6 49. Rc7 1-0

[Event "TCh-BEL 2007-8"]
[Site "Belgium BEL"]
[Date "2008.01.06"]
[Round "6"]
[White "Berelovich, A."]
[Black "Winants, L."]
[Result "1-0"]
[WhiteElo "2606"]
[BlackElo "2525"]
[PlyCount "117"]
[EventDate "2008.01.06"]
[Source "www.chesslib.no"]
[SourceDate "2004.05.04"]

1. e4 e5 2. Nf3 Nc6 3. Bb5 Nf6 4. O-O Bc5 5. c3 O-O 6. d4 Bb6 7. Bg5 d6 8. Qd3 Qe7 9. Nbd2 Nd8 10. d5 a6 11. Ba4 h6 12. Bh4 Kh7 13. Nc4 Ba7 14. Ne3 g5 15. Nxg5+ hxg5 16. Bxg5 Rg8 17. Bh4 Qf8 18. Bxf6 Qh6 19. Bxd8 Bh3 20. g3 Bxf1 21. Rxf1 Raxd8 22. Nf5 Qh3 23. Qf3 Rh8 24. Bd1 Kg6 25. Ne7+ Kg7 26. Nf5+ Kg6 27. Qg4+ Qxg4 28. Bxg4 a5 29. Kg2 Bc5 30. a4 Rb8 31. Be2 Kf6 32. Rd1 Kg6 33. h4 Kh7 34. Rd2 Rhc8 35. Ne7 Re8 36. Nf5 Rec8 37. Bc4 f6 38. Ne7 Re8 39. Nf5 Rec8 40. g4 Rg8 41. Kg3 Rgd8 42. f3 Kg6 43. Ne7+ Kf7 44. Nf5 Kg6 45. Rh2 Rh8 46. Bb5 Rhd8 47. f4 exf4+ 48. Kxf4 Kf7 49. Rg2 Kg6 50. g5 fxg5+ 51. Rxg5+ Kf6 52. Rg7 Rg8 53. Rxc7 Rg2 54. Rxc5 dxc5 55. e5+ Kg6 56. h5+ Kxh5 57. e6 Rf2+ 58. Ke5 Kg5 59. Nd6 1-0

[Event "Istanbul ol (Men)"]
[Site "Istanbul"]
[Date "2000.11.01"]
[Round "5"]
[White "Grischuk, Alexander"]
[Black "Lima, Darcy"]
[Result "1-0"]
[WhiteElo "2606"]
[BlackElo "2525"]
[PlyCount "103"]
[EventDate "2000.10.??"]
[Source "www.chesslib.no"]
[SourceDate "2004.05.04"]

1. e4 e5 2. Nf3 Nc6 3. Bb5 Nf6 4. O-O Bc5 5. c3 O-O 6. d4 Bb6 7. Bg5 h6 8. Bh4 d6 9. Qd3 Qe7 10. Nbd2 Nb8 11. Rfe1 c6 12. Bc4 Nbd7 13. Bb3 Rd8 14. a4 Nf8 15. a5 Bc7 16. a6 Ng6 17. axb7 Bxb7 18. Bg3 Nh5 19. Nc4 a5 20. Ne3 Nhf4 21. Qc2 Bb6 22. Rad1 Ba6 23. Bc4 Qb7 24. Bxa6 Qxa6 25. Nh4 a4 26. Nxg6 Nxg6 27. h4 Qb5 28. h5 exd4 29. Nf5 d3 30. Rxd3 Ne5 31. Bxe5 Qxe5 32. Rg3 Kh8 33. Rxg7 Qf6 34. Qd2 Re8 35. Rg4 Re6 36. Rd1 d5 37. Ng3 Rd8 38. Qf4 Qxf4 39. Rxf4 Bc7 40. Rxf7 Bxg3 41. fxg3 Rxe4 42. Rf6 Re2 43. Rd4 Rb8 44. Rg4 Kh7 45. Rf7+ Kh8 46. Rf6 Kh7 47. Rf7+ Kh8 48. Rxa4 c5 49. Ra6 Kg8 50. Rd7 Rexb2 51. Rg6+ Kf8 52. Rxh6 1-0

[Event "Hyderabad 86/337"]
[Site "?"]
[Date "2002.??.??"]
[Round "?"]
[White "Vescovi, G."]
[Black "Iuldachev, S."]
[Result "1-0"]
[WhiteElo "2614"]
[BlackElo "2511"]
[PlyCount "115"]
[EventDate "2002.??.??"]
[Source "Chess Informant"]
[SourceDate "2002.10.01"]

1. e4 e5 2. Nf3 Nc6 3. Bb5 Nf6 4. O-O Bc5 5. Nxe5 Nxe5 6. d4 a6 7. Be2 Ba7 8. dxe5 Nxe4 9. Qd5 Ng5 10. Nc3 O-O 11. Bf4 Rb8 12. Rad1 Ne6 13. Qd2 f5 14. Bc4 Qe8 15. Be3 Bxe3 16. Qxe3 b5 17. Bxe6+ dxe6 18. Ne2 Bb7 19. Nf4 Qe7 20. Rd4 Rbd8 21. Rfd1 Rxd4 22. Rxd4 Rd8 23. f3 Rxd4 24. Qxd4 h6 25. h4 Kh7 26. h5 Bc6 27. Ng6 Qe8 28. Qc5 Bd5 29. b3 Qd8 30. c4 bxc4 31. bxc4 Bxf3 32. Nf8+ Kg8 33. Nxe6 Qe8 34. Nxg7 Kxg7 35. Qxc7+ Kh8 36. gxf3 Qxh5 37. Qd8+ Kh7 38. Qe7+ Kg8 39. Qd8+ Kh7 40. Kg2 Qg6+ 41. Kh3 Qc6 42. Qe7+ Kg8 43. Qd8+ Kh7 44. Qd5 Qg6 45. Qd7+ Kh8 46. Qd8+ Kh7 47. Qf6 Qxf6 48. exf6 Kg6 49. Kh4 Kxf6 50. f4 a5 51. Kh5 a4 52. Kxh6 a3 53. Kh5 Ke6 54. Kg5 Kd6 55. Kxf5 Kc5 56. Ke4 Kxc4 57. f5 Kc5 58. Ke5 1-0

[Event "XV Torneo internazionale"]
[Site "Salona CRO"]
[Date "2007.12.10"]
[Round "4"]
[White "Brkic, Ante"]
[Black "Godena, Michele"]
[Result "1/2-1/2"]
[WhiteElo "2577"]
[BlackElo "2535"]
[PlyCount "58"]
[EventDate "2007.12.07"]
[Source "www.chesslib.no"]
[SourceDate "2004.05.04"]

1. e4 e5 2. Nf3 Nc6 3. Bb5 Nf6 4. O-O Bc5 5. c3 O-O 6. d3 d6 7. Bg5 h6 8. Bh4 Bb6 9. Nbd2 Nb8 10. Nc4 c6 11. Ba4 Bc7 12. Ne3 Re8 13. Re1 Nbd7 14. Ng4 Qe7 15. Qd2 Qe6 16. Ne3 Nh5 17. d4 Nb6 18. Bc2 Nc4 19. Nxc4 Qxc4 20. Bb3 Qb5 21. Qc2 Bg4 22. Nd2 Be6 23. d5 Bd7 24. Rad1 cxd5 25. Bxd5 Nf4 26. Nf1 Nxd5 27. Rxd5 Qa6 28. Rd2 Rac8 29. Red1 Qc6 1/2-1/2